Top 100 Justice League Characters by First Two Letters - Statistics

General Stats
  • This quiz has been taken 575 times
  • The average score is 71 of 100
Answer Stats
Answer % Correct
Batgirl
99%
Batman
99%
Batwing
99%
Batwoman
99%
Kilowog
99%
Oracle
99%
Owlman
99%
Alan Scott
98%
Guy Gardener
98%
John Stewart
98%
Powergirl
98%
Superboy
98%
Supergirl
98%
Superman
98%
Artemis
97%
Green Lantern
97%
Kyle Rainer
97%
Green Arrow
95%
Jay Garrick
94%
Wonder Woman
94%
Nightwing
93%
Blue Beetle
92%
Constantine
91%
The Flash
91%
Saint Walker
89%
Shazam
89%
Commander Steel
88%
Martian Manhunter
88%
White Canary
88%
Black Canary
86%
Black Lightning
86%
Black Vulcan
86%
Robin
86%
Robotman
86%
Halo
84%
Hawkgirl
84%
Hawkman
84%
S.T.R.I.P.E.
84%
Citizen Cold
83%
Aqualad
82%
Aquaman
82%
Captain Atom
82%
The Atom
81%
Red Hood
80%
Red Tornado
80%
The Ray
80%
Beast Boy
78%
Starfire
77%
Stargirl
77%
Starman
77%
Star Sapphire
77%
Star-Spangled Kid
77%
Static
77%
Steel
77%
Cy-Borg
76%
Dr. Fate
74%
Dr. Mid-Nite
74%
Raven
70%
Z
67%
Firestorm
65%
Cosmic Boy
62%
Miss Martian
62%
Johnny Thunder
60%
Zatanna
60%
Zatura
60%
Brainiac-5
59%
Terra
59%
Uncle Sam
58%
Shining Knight
57%
Meta-Morpho
56%
Samurai
56%
Saturn Girl
56%
Deadman
53%
Kidflash
53%
Killerfrost
53%
Vibe
53%
Vigilante
53%
Vixen
53%
Elasti-Girl
50%
El Dorado
50%
Hourman
50%
Wildcat
48%
Wing
48%
Lightning
46%
Lightning Lad
46%
Spoiler
46%
Lagoon Boy
45%
Geo-Force
44%
Heatwave
41%
Katana
39%
Negative Man
37%
Thunder
37%
Thunderbolt
37%
Forager
35%
Rip Hunter
34%
Jessica Cruz
29%
Apache Chief
25%
Swamp Thing
24%
Impulse
17%
Obsidian
13%
No matching quizzes found
Score Distribution
Percent of People with Each Score
Percentile by Number Answered
Your Score History
You have not taken this quiz